000 00349nam a2200157Ia 4500
003 0STCL
008 150530s9999 xx 000 0 und d
040 _aSTCL
_cSTCL
100 _aRust Hills, L.; Editor
245 _aGreat esquire fiction
260 _c1986
546 _aEnglish
942 _2ddc
_cBK
999 _c67444
_d67444
005 20220125171343.0